Vvedenije v sovremennuju optiku.Fotometrija.O vozmožnom i nevozmožnom v optike /

Gespeichert in:
Bibliographische Detailangaben
1. Verfasser: Stepanov, Boris Ivanovič (Verfasst von)
Format: Buch
Veröffentlicht: Minsk : Nauka i technika, 1989
Tags: Tag hinzufügen
Keine Tags, Fügen Sie das erste Tag hinzu!

MARC

LEADER 00000nam a22000003a 4500
001 stu16094
005 20150617225757.7
008 ------s1989----xxr---------------------d
040 |a STU  |b slo 
041 0
044 |a xxr 
080 |a 535  |7 stu_us_auth*stu16839 
100 1 |a Stepanov, Boris Ivanovič  |4 aut 
245 1 |a Vvedenije v sovremennuju optiku.Fotometrija.O vozmožnom i nevozmožnom v optike /  |c [aut.]Stepanov,Boris Ivanovič 
260 |a Minsk :  |b Nauka i technika,  |c 1989 
300 |a 252 :  |b Grafy,lit 
996 |b C85456  |c C*85456  |l CCVIIIB  |s P  |a 0  |w stu16094_0001